| 000 | 00599nam a2200205Ia 4500 | ||
|---|---|---|---|
| 005 | 20250326144500.0 | ||
| 008 | 250326s9999 xx 000 0 und d | ||
| 020 | _a0-14310-118-8 | ||
| 037 | _aTextbook | ||
| 040 |
_aFMSL _beng _cFMSL |
||
| 041 |
_aeng _2eng |
||
| 084 |
_aO111x.445222 P7 _qFMSL |
||
| 100 |
_aMehotra Arvind .K Ed. _9749734 |
||
| 245 | 0 |
_aLast Banglow :Writings on Allahabad _cMehotra Arvind .K Ed. |
|
| 260 |
_aNew Delhi _bNew Delhi, Penguin books _c2007 |
||
| 300 | _a331p | ||
| 365 | _b395 | ||
| 942 |
_cTB _hO111x.445222 P7 |
||
| 999 |
_c1303867 _d1303867 |
||